000
00373 a2200193 4500
260
_b
FAO
245
_a
Prévention des mycotoxines
300
_a
55p.
260
_a
Rome
260
_c
1979
130
_l
Fr.
710
_a
FAO
690
_a
mycotoxine
690
_a
aflatoxine
690
_a
champignon
020
_a
92-5-200703-2
999
_c
20922
_d
20922